[Event "Horgen"]
[Site "Horgen"]
[Date "1995.10.29"]
[Round "8"]
[White "Timman, Jan H"]
[Black "Short, Nigel D"]
[Result "0-1"]
[WhiteElo "2595"]
[BlackElo "2645"]
[Annotator "Dautov,R"]
[PlyCount "62"]
[EventDate "1995.10.??"]
[EventType "tourn"]
[EventRounds "11"]
[EventCountry "SUI"]
[EventCategory "17"]
[SourceTitle "CBM 050"]
[Source "ChessBase"]
[SourceDate "1996.02.01"]
[SourceVersion "1"]
[SourceVersionDate "1996.02.01"]
[SourceQuality "1"]

1. d4 {Kortschnoj} Nf6 2. c4 e6 3. Nc3 Bb4 4. Qc2 d5 5. cxd5 Qxd5 6. Nf3 Qf5 7.
Qd1 {Gelfands Zug} (7. Qxf5 exf5 8. a3 Be7 $10) 7... c5 8. e3 (8. a3 Bxc3+ 9.
bxc3 b6 10. e3 Bb7 11. Bb5+ Bc6 12. Bd3 Be4 13. Bb5+ Bc6 14. Qa4 Bxb5 15. Qxb5+
Nbd7 $10 {Dao Thien Hai-Horvath,J/Budapest FS JunGM (02) ;CBM 49 1995}) (8. a3
$5 {Kortschnoj}) 8... cxd4 9. exd4 Ne4 $1 {N} (9... O-O 10. Bd3 Qh5 11. O-O
Nbd7 12. Ne2 Bd6 13. Bf4 Bxf4 14. Nxf4 Qh6 15. g3 (15. Nh3 $5 Nb6 16. Ne5 Bd7
17. f4 Rad8 18. Ng5 g6 19. Rf3 Bc8 20. Rc1 $40 {Kharlov,A-Kholmov,R/RUS-ch
Elista (02) ;CBM 50_08 1995}) 15... b6 16. Rc1 Bb7 17. Rc7 $14 {Gelfand,
B-Zvjaginsev,V/Biel (02) ;CBM 49 1995}) 10. Bd2 Nc6 11. a3 (11. Bd3 $2 Nxf2 12.
Bxf5 Nxd1 $17) (11. Be2 Nxd2 12. Qxd2 O-O 13. O-O Rd8 $10) (11. Qc2 Nxd2 12.
Qxf5 exf5 13. Kxd2 Be6 14. a3 Ba5 $10 {/\0-0-0}) 11... Bxc3 12. bxc3 Bd7 13.
Qc2 $2 (13. Bd3 $6 Nxf2 14. Bxf5 Nxd1 15. Be4 (15. Bc2 Nb2 16. Rb1 Nc4 17. Rxb7
N6a5 18. Rc7 Nxa3 19. Be4 Nb5 20. Rc5 Rc8 $17) 15... Nb2 16. Rb1 Nc4 17. Rxb7
Nd6 18. Bxc6 Bxc6 $15) (13. Qb1 $5 Na5 (13... Nxd2 14. Qxf5 exf5 15. Kxd2 $14)
14. Bd3 Nxd2 15. Nxd2 Qg5 $10) (13. Be2 $10 {Kortschnoj}) 13... Rc8 $1 {
[%cal Rc8c2,Rf5f2]} 14. Bd3 (14. Be3 {Kortschnoj} Qa5 15. Rc1 Nd6 16. Qb3 e5
17. Nxe5 Nxe5 18. dxe5 Qxe5 19. Bd3 $15) 14... Nxd4 $1 15. Nxd4 Qxf2+ 16. Kd1
Nc5 $1 {/\Ba4} 17. a4 $2 (17. Be1 Qe3 18. Bb5 Bxb5 19. Nxb5 O-O $44) (17. Nb5 {
Kortschnoj} O-O $1 $40) 17... Qxg2 18. Re1 Qxh2 $17 19. Be4 (19. Nf5 Kf8 (19...
Bc6 $5) 20. Nd4 e5 21. Nb5 Bg4+ 22. Kc1 (22. Be2 Bxe2+ 23. Rxe2 Qh1+ 24. Re1
Qf3+ $19) 22... Rd8 23. Bc4 Bf5 $19) 19... g6 {/\0-0} 20. Re2 (20. Rh1 $5 Qe5 (
20... Qf2 21. Bh6 Nxe4 22. Qxe4 Qb2 23. Rc1 Bxa4+ 24. Ke1 $13) (20... Qd6 $5
$17) 21. Bg2 O-O $17) 20... Qg1+ 21. Re1 Qg3 22. Re3 Qd6 23. Nb5 (23. Kc1 O-O
$17 {/\e5}) 23... Bxb5 24. axb5 O-O 25. Rxa7 (25. Kc1 {Kortschnoj} Rfd8 $17)
25... Rfd8 $19 {[%cal Rd8d1]} 26. Ra2 Qf4 27. Ke1 (27. Kc1 Rd7 (27... Qf1+ 28.
Re1 Qxb5 $17) (27... Qf1+ $17 {Kortschnoj}) 28. Kb1 Rxd2 29. Qxd2 Nxe4 $19)
27... Qh4+ 28. Ke2 Qh2+ 29. Ke1 Rd7 30. Bc1 Qg1+ 31. Ke2 Rcd8 {/\Rd1 32...Td1-+
} 0-1

[Event "Barcelona"]
[Site "Barcelona"]
[Date "1992.05.??"]
[Round "4"]
[White "Sokolov, Ivan"]
[Black "Romanishin, Oleg M"]
[Result "1-0"]
[WhiteElo "2630"]
[BlackElo "2595"]
[Annotator "Dautov,R"]
[PlyCount "67"]
[EventDate "1992.05.??"]
[EventType "tourn"]
[EventRounds "11"]
[EventCountry "ESP"]
[EventCategory "13"]
[SourceTitle "CBM 030"]
[Source "ChessBase"]
[SourceDate "1992.10.01"]
[SourceVersion "1"]
[SourceVersionDate "1992.10.01"]
[SourceQuality "1"]

1. d4 {Kortschnoj} Nf6 2. c4 e6 3. Nc3 Bb4 4. Qc2 d5 5. cxd5 Qxd5 6. Nf3 O-O (
6... c5 7. Bd2 Bxc3 8. Bxc3 (8. bxc3 b6 9. e3 Bb7 10. Bd3 O-O 11. O-O Nbd7 $10
{ECO}) 8... b6 (8... cxd4 9. Nxd4 Nc6 10. e3 Nxd4 11. Bxd4 Bd7 12. Qc5 Qxc5 13.
Bxc5 Bc6 14. f3 $14 {ECO}) (8... Nc6 9. Rd1 O-O 10. a3 Bd7 11. dxc5 Qxc5 12. e4
e5 13. Be2 $14) 9. dxc5 Qxc5 10. b4 Qc7 11. Qb2 Qe7 12. e4 O-O 13. Bd3 Bb7 14.
O-O Rd8 15. Qe2 Nbd7 16. a3 $14 {Beliavsky,A-Lerner,K SSSR(ch) 1989}) 7. Bd2 (
7. e3 c5 8. Bd2 Qh5 9. Be2 cxd4 10. Nxd4 Qg6 11. O-O e5 12. Bd3 Qh5 13. Nde2
Nc6 14. a3 Bxc3 15. Bxc3 Be6 16. Ng3 Qh4 17. Nf5 Qh5 {1/4:1/4 Sokolov,
I-Romanishin,O Groningen 1991}) 7... Bxc3 8. Bxc3 b6 {N} (8... Bd7 9. Nd2 Nc6
10. e4 Qg5 11. g3 Rad8 12. Bd3 Qh6 13. f4 Ng4 14. Be2 e5 15. dxe5 Ne3 16. Qd3
Ng2+ 17. Kf2 Bg4 18. Qc2 Bh3 19. Rhg1 $18 {Mohr,S-Romanishin,O Bad Lauterberg
1991}) 9. Nd2 $1 (9. e3 {Kortschnoj} a5 10. Bd3 Ba6 $10) 9... Bb7 10. f3 Qg5
11. e4 Nc6 (11... Nh5 12. O-O-O $5 (12. Nb3 f5) (12. g3 f5 13. O-O-O $14) 12...
Nd7 13. Kb1 c5 14. Nb3 cxd4 15. Rxd4 $14) (11... Nbd7 12. Nb3 c5 13. dxc5 Nxc5
14. Nxc5 Qxc5 15. Qf2 $14) (11... Qe3+ {Kortschnoj} 12. Be2 Ba6 13. Nf1 Qxe2+
14. Qxe2 Bxe2 15. Kxe2 Rd8 16. Ne3 $16) 12. Nb3 a5 13. Qf2 Rfd8 (13... Nd7 $5 {
/\f5} 14. Bc4 Ba6 15. Bxa6 Rxa6 16. O-O Raa8 17. Rad1 f5 $2 18. d5 $1 $16) 14.
Rd1 a4 15. Nc1 a3 16. b3 e5 $2 (16... Ba6 $142 17. Bxa6 Rxa6 18. O-O Raa8 19.
Ne2 $16 {[+]}) 17. h4 Qg6 18. d5 (18. dxe5 {Kortschnoj} Rxd1+ 19. Kxd1 Nd7 20.
h5 Qe6 21. Bc4 Qe7 22. f4 Nc5 $146) 18... Nd4 19. Bxd4 exd4 20. Bd3 $16 Nd7 21.
O-O Nc5 22. Ne2 Qf6 (22... Nxd3 23. Rxd3 Ba6 (23... c6 24. dxc6 Ba6 25. c7 Rd7
26. Rxd4 Rxc7 27. Nf4 $18) 24. Rxd4 c6 25. Rfd1 cxd5 26. Nf4 $18) 23. Rfe1 c6
24. Nxd4 Nxd3 25. Rxd3 cxd5 26. e5 $40 Qg6 27. Rde3 b5 28. f4 Qb6 29. Rg3 g6
30. h5 $18 Kh8 31. hxg6 fxg6 32. e6 Rac8 33. Qe3 Qc7 34. Nxb5 1-0

[Event "FIDE-Wch k.o."]
[Site "Groningen"]
[Date "1997.12.13"]
[Round "2.3"]
[White "Sokolov, Ivan"]
[Black "Epishin, Vladimir"]
[Result "1/2-1/2"]
[WhiteElo "2635"]
[BlackElo "2570"]
[Annotator "Epishin,V"]
[PlyCount "86"]
[EventDate "1997.12.09"]
[EventType "k.o."]
[EventRounds "7"]
[EventCountry "NED"]
[SourceTitle "CBM 063"]
[Source "ChessBase"]
[SourceDate "1998.03.26"]
[SourceVersion "1"]
[SourceVersionDate "1998.03.26"]
[SourceQuality "1"]

1. d4 {Psakhis} Nf6 2. c4 e6 3. Nc3 Bb4 4. Qc2 d5 5. cxd5 Qxd5 6. Nf3 Qf5 7.
Qd1 c5 (7... Ne4 {Psakhis} 8. Bd2 Bxc3 9. Bxc3 Nxc3 10. bxc3 Qa5 11. Qc2 c5 12.
e3 cxd4 13. exd4 Nd7 14. Bd3 Nf6 15. O-O O-O 16. Ne5 Qc7 17. Rae1 b6 18. Re3
$14 {1-0 Goldin,A-Yudasin,L/Rishon le Zion 1996 (52)}) 8. e3 cxd4 9. exd4 O-O (
9... Ne4 {Psakhis} 10. Bd2 Nc6 11. a3 Bxc3 12. bxc3 Bd7 13. Be2 Nxd2 14. Qxd2
O-O 15. O-O Rfd8 16. Rab1 b6 17. Rb5 Qf6 18. Rh5 $14 {0-1 Touzane,
O-Lepelletier,B/Toulouse (4) 1996 (52)}) 10. Bd3 Qh5 11. O-O Nbd7 12. Ne2 Bd6
13. Bf4 Bxf4 14. Nxf4 Qa5 (14... Qh6 $6 {Psakhis} 15. g3 $1 b6 16. Rc1 Bb7 17.
Rc7 Bxf3 $2 (17... Rab8 $5 18. h4 Rfc8 19. Rxb7 Rxb7 20. Ba6 Rbc7 21. Bxc8 Rxc8
$14) 18. Qxf3 e5 19. Nd5 $16 {1-0 Gelfand,B-Zvjaginsev,V/Biel 1995 (27)}) 15.
a3 Rd8 16. Rc1 Nf8 $5 $146 {Psakhis: Just now the opponents came to the end of
official theory.White has enough compensation for the isolated pawn, but,
maybe, not more.} (16... Qb6 17. Qe2 Nf8 18. Rc4 {1/2-1/2 Goldin,A-Zvjagincev,
V/JUG -chT Tivat 1995}) 17. Ne5 (17. Qb3 Bd7 18. Qxb7 (18. Ne5 Be8 19. Qxb7
Rab8 20. Qf3 Rxd4 21. Qe3 Rbd8 22. Rfd1 Ng6 $11) 18... Rdb8 19. Qc7 Qxc7 20.
Rxc7 Rxb2 21. Rb1 Rxb1+ 22. Bxb1 Ne8 $11) 17... Qb6 18. Rc4 Bd7 ({Psakhis:
Attention deserves also the brave} 18... Qxb2 $5) 19. Rb4 Qc7 20. Qf3 (20. Nh5
{Psakhis} Nxh5 21. Qxh5 Be8) 20... Bc6 21. Rc1 (21. Nxc6 bxc6 22. Rc1 a5 $1 23.
Rbc4 Qb6 $11) 21... a5 22. Rbc4 Qb6 ({Psakhis: Also possible is} 22... Qxe5 $5
23. dxe5 Bxf3 24. exf6 (24. gxf3 $6 N6d7 {[%csl Re5]}) 24... Bc6 25. fxg7 Kxg7
{and Black is not worse}) 23. Qe2 Bb5 $2 (23... Be8 24. Qe3 Qd6 $11) 24. Rc7
Rxd4 (24... Bxd3 {Psakhis} 25. Nfxd3 N8d7 26. R1c4 $14) 25. Bxb5 Rxf4 26. Bd3
$8 (26. Qe3 $4 {Psakhis} Qxe3 27. fxe3 Rf5 $19) 26... Rd8 (26... Nd5 27. Rc8
$16 (27. Rc8 {Psakhis} Rxc8 28. Rxc8 Nf6 29. Nc4 $44)) 27. Rxf7 Nd5 28. Rxf4 $2
(28. Rcc7 $3 Rxf7 (28... Qxc7 $1 {Psakhis} 29. Rxc7 Nxc7 30. Qd2 Rfd4 31. Qc3
Ne8 $13) 29. Rxf7 $16) 28... Nxf4 29. Qd2 $8 (29. Qf3 $142 $8 {Psakhis} Qd4 30.
Rc4 Qxe5 31. Rxf4 Qxb2 $15) 29... Qd4 $4 (29... Nxd3 30. Nxd3 Qd4 31. Rc3 e5
32. Qe2 $14) ({Psakhis: Epishin could win easily with} 29... N8g6 $1 30. Nxg6 (
30. Re1 Qd4 $1 $19) 30... Nxd3 31. Ne7+ (31. Rc3 Qxb2 32. Qxb2 Nxb2 33. Rc8
Rxc8 34. Ne7+ Kf7 35. Nxc8 Nc4 $19) 31... Kf7 32. Rc8 Kxe7 (32... Rd4 $5) 33.
Rxd8 Qxd8 34. Qg5+ Ke8 35. Qxg7 Qh4 $19 {now White was lucky to find force
draw.}) 30. Rc4 Qxe5 31. Rxf4 Rxd3 32. Rxf8+ Kxf8 33. Qxd3 Qe1+ 34. Qf1 Qd2 35.
Qb1 g6 36. g3 Kf7 37. b3 b5 38. Qf1 Qd5 39. Qc1 Qxb3 40. Qc7+ Kf6 41. Qxa5 Qd1+
42. Kg2 Qd5+ 43. Kg1 Qd1+ 1/2-1/2

[Event "Capablanca Memorial Elite 32nd"]
[Site "Cienfuegos"]
[Date "1997.05.06"]
[Round "2"]
[White "Nogueiras Santiago, Jesus"]
[Black "Schlosser, Philipp"]
[Result "1/2-1/2"]
[WhiteElo "2545"]
[BlackElo "2580"]
[Annotator "Ernst,T"]
[PlyCount "58"]
[EventDate "1997.05.05"]
[EventType "tourn"]
[EventRounds "11"]
[EventCountry "CUB"]
[EventCategory "12"]
[SourceTitle "CBM 059"]
[Source "ChessBase"]
[SourceDate "1997.08.01"]
[SourceVersion "1"]
[SourceVersionDate "1997.08.01"]
[SourceQuality "1"]

1. d4 Nf6 2. c4 e6 3. Nc3 Bb4 4. Qc2 d5 5. cxd5 Qxd5 6. Nf3 Qf5 7. Qd1 c5 8. e3
cxd4 9. exd4 Ne4 (9... O-O 10. Bd3 Qh5 11. O-O Nbd7 12. Ne2 Bd6 13. Bf4 Bxf4
14. Nxf4 Qh6 15. g3 b6 16. Rc1 Bb7 17. Rc7 Bxf3 18. Qxf3 e5 19. Nd5 exd4 20.
Nxf6+ Nxf6 21. Re1 Rae8 22. Rxe8 Rxe8 23. Rxa7 {1-0 Gelfand,B-Zvjaginsev,V/
Biel 1995/CBM 49/[Gelfand] (27)}) 10. Bd2 Nc6 11. Be2 $146 (11. Bd3 Nxf2 12.
Bxf5 Nxd1 13. Rxd1 exf5 14. d5 Nd8 15. Nb5 Bxd2+ 16. Rxd2 O-O 17. O-O b6 18.
Re1 Nb7 19. Re7 {Schandorff,L-Parker,J/Copenhagen KS 1996/CBM 55/[Hansen,LB]/
1-0 (67)}) (11. a3 Bxc3 12. bxc3 Bd7 13. Qc2 (13. Be2 Nxd2 14. Qxd2 O-O 15. O-O
Rfd8 16. Rab1 b6 17. Rb5 Qf6 18. Rh5 Be8 19. Qe3 Rac8 20. Bd3 h6 21. g4 Qe7 22.
Rh3 f6 {Touzane,O-Lepelletier,B/Toulouse 1996/EXP 57/0-1 (52)}) 13... Rc8 14.
Bd3 Nxd4 15. Nxd4 Qxf2+ 16. Kd1 Nc5 17. a4 Qxg2 18. Re1 Qxh2 19. Be4 g6 20. Re2
Qg1+ {Timman,J-Short,N/Horgen 1995/CBM 50/[Dautov]/0-1 (31)}) 11... Nxd2 12.
Qxd2 O-O 13. O-O Rd8 {[%cal Rc6d4,Rd8d4,Gd2d4,Gf3d4] Greift den Isolani d4 an}
14. Qe3 Bd6 15. g3 {Kontrolliert f4} Nb4 16. Rac1 Bd7 17. a3 Nd5 18. Nxd5 Qxd5
19. Bc4 Qh5 20. Ne5 Bxe5 21. dxe5 Bc6 22. Be2 Qf5 23. Rfd1 h6 24. f3 (24. f4
$11) 24... a5 25. g4 Qg5 26. Qxg5 hxg5 27. Kf2 Rxd1 28. Rxd1 a4 {/\Ra8-a5} 29.
Rd4 (29. Kg3 Kf8 30. f4 Ra5 $11) 29... Kf8 (29... Kf8 30. Bd3 Ra5 31. Be4 $11)
1/2-1/2

[Event "FRA-ch"]
[Site "Narbonne"]
[Date "1997.08.29"]
[Round "14"]
[White "Hauchard, Arnaud"]
[Black "Lepelletier, Benoit"]
[Result "1-0"]
[WhiteElo "2485"]
[BlackElo "2480"]
[Annotator "Finkel,A"]
[PlyCount "215"]
[EventDate "1997.08.15"]
[EventType "tourn"]
[EventRounds "15"]
[EventCountry "FRA"]
[EventCategory "9"]
[SourceTitle "CBM 061"]
[Source "ChessBase"]
[SourceDate "1997.11.23"]
[SourceVersion "1"]
[SourceVersionDate "1997.11.23"]
[SourceQuality "1"]

1. d4 Nf6 2. c4 e6 3. Nc3 Bb4 4. Qc2 d5 5. cxd5 Qxd5 6. Nf3 Qf5 7. Qb3 (7. Qxf5
exf5 8. Bd2 c6 9. e3 Nbd7 10. Bd3 Nb6 11. Ne2 Bd6 12. O-O Ne4 13. Ba5 O-O 14.
Rfc1 Re8 $10 {Beliavsky-Romanishin/Groningen PCA/1993}) 7... c5 8. a3 Bxc3+ (
8... Ba5 9. e3 (9. Qb5+ Nc6 10. Qxc5 Qxc5 11. dxc5 Ne4 $10) 9... Nc6 10. Be2
cxd4 11. exd4 {->Shabalov-Romanishin/Bad Godesberg/1994} Bxc3+ 12. bxc3 b6 $10
{Romanishin}) 9. Qxc3 (9. bxc3 b6 10. g3 Bb7 11. Bg2 Be4 12. O-O O-O $10) 9...
Nbd7 10. g3 Ne4 (10... b6 $5 11. Bg2 Ne4 12. Qe3 Bb7 13. Nd2 cxd4 14. Qxd4 Ndf6
$10) 11. Qe3 b6 12. dxc5 Ndxc5 13. b4 Na4 14. Bh3 (14. Bg2 Bb7 15. Nd2 Nd6 16.
Bxb7 Nxb7 $10) 14... Qd5 (14... Qxh3 $2 15. Qxe4 Rb8 16. Qe5 Rb7 17. Qxg7 Rf8
18. Bh6 $18) 15. Bg2 {[%cal Gg2a8]} Bb7 {[%cal Gb7g2]} 16. Ng5 f5 17. O-O O-O
18. Nxe4 fxe4 19. Rb1 Rac8 20. Bb2 Nxb2 21. Rxb2 $14 Rfd8 22. Rb3 Qc4 $146 (
22... Qd4 23. Bh3 Qd6 (23... Kf7 $5 {Dautov} 24. f3 (24. Qf4+ Qf6 $10) 24...
Qxe3+ 25. Rxe3 Ke7 26. fxe4 $14 {/\Ref3}) 24. Rbb1 Bd5 25. Rbd1 (25. Rbc1 {
Dautov} Qe5 26. Bg2 $14 {/\h4}) 25... Rc4 26. Qg5 Rd7 27. Rd2 h6 28. Qh5 Qe7 (
28... Rc3 $2 {Dautov} 29. Rxd5 $1 Qxd5 (29... exd5 30. Qe8+ $18) 30. Qxd5 $18)
29. Qe5 {/\Rd5} Kh8 30. Rfd1 Rdc7 $132 {Bareev,E-Beliavsky,A/Linares 1994/CBM
40/[Dautov]/1-0 (82) <=> <-> c}) 23. b5 Qc2 $5 {After 22.b5 very serious
attention deserved 22...Qd4 getting the position from game Bareev-Beliavsky,
but with the pawn on b5,which is clearly in black's favour.But also after the
move in the game black has good chances to equalize the position.} 24. Rb4 Rc4
(24... Rd2 $6 25. Bxe4 Bxe4 26. Rxe4 Rc3 27. Qf4 $16) (24... Rc3 $5 25. Qg5 Qd2
26. Qe7 Qd7 27. Qxd7 Rxd7 28. Bxe4 Rxa3 (28... Bxe4 29. Rxe4 Kf7 30. a4 Rd2 31.
Kg2 $16) 29. Bxb7 Rxb7 30. Rd1 $14) 25. Qg5 Rd7 26. Qe5 $5 {Starting the
forced variation,leading to almost equal position.} Rxb4 27. Qxe6+ Rf7 28. axb4
Qxe2 29. Qe8+ Rf8 30. Qd7 Rf7 31. Qe8+ Rf8 32. Qd7 Rf7 33. Qd8+ Rf8 34. Qc7 Bd5
35. Qxa7 Qxb5 36. Qa3 Bc4 $2 ({With logical and solid play black managed fully
equalize the position and now} 36... Qe2 37. Qe3 Qxe3 38. fxe3 Rxf1+ 39. Kxf1
Kf7 40. Ke2 Kf6 41. Kd2 Ke5 {with draw would be logical finish of the game.
Instead black chooses the move in the game,which simply gives up central pawn
on e4 and puts black in danger of loosing.}) 37. Re1 $16 Bd3 38. Bxe4 Bxe4 39.
Rxe4 {The arising endgame is very difficult to asses.White's chances to win
are about the same as black's chances to make a draw.} Rd8 40. Qb3+ Kh8 41. h4
h6 42. Qf7 Qc6 43. Qe6 Qb7 44. Qg6 Rf8 45. Re3 Qc7 46. Kg2 Qd8 47. Qe4 Qd2 48.
Re2 Qd6 49. Rc2 Qf6 50. Qc6 Qd4 51. b5 Kh7 52. Re2 Kh8 53. Re3 Qd2 54. Rf3 $1
Rxf3 $6 {Making white's task easier.Deserved attention} (54... Rb8 55. Rf7 Qd4
56. Rd7 Qc5 57. Rc7 Qe5 58. Ra7 $16) 55. Kxf3 Qd3+ 56. Kg4 Qe2+ 57. f3 Qf2 58.
Qc8+ Kh7 59. Qf5+ Kh8 60. Qd5 $1 {Queens ending is hopeless for black because
of weak pawn b6 and passive position of the king on h8.It's only the matter of
time when white king will penitrate to the queenside and pawn b6 will fall
prey of white pieces.} Kh7 61. h5 Kh8 62. Kf4 Qg1 63. Qa8+ Kh7 64. Qe4+ Kh8 65.
Qe3 Qf1 66. Qe8+ Kh7 67. Qc6 Qg1 68. g4 Qh2+ 69. Kf5 Qe2 70. Kf4 Qh2+ 71. Ke4
Qe2+ 72. Kd4 Qd2+ 73. Ke5 Qd8 74. Ke6 Kh8 75. Kf7 $1 $18 {The game is
practically over.Black can't do anything to prevent white king to reach b6.}
Qg8+ $8 76. Ke7 Qa2 77. Kd8 Qa7 78. Kc8 Kh7 79. Qb7 Qa5 80. Qe4+ Kh8 81. Qe8+
Kh7 82. Kb7 Qd2 83. Qe4+ Kh8 84. Kxb6 Qd8+ 85. Kb7 Qd7+ 86. Ka6 Qc8+ 87. Qb7
Qf8 88. Qc6 Qa3+ 89. Kb7 Qe7+ 90. Qc7 Qe3 91. Qc8+ Kh7 92. Qf5+ Kh8 93. Qe4 Qd2
94. b6 Qa5 95. Qe6 Qa3 96. Kb8 Kh7 97. Qe4+ Kh8 98. Qc6 Kh7 99. Qe4+ Kh8 100.
b7 Qd6+ 101. Kc8 Qf8+ 102. Kd7 Qf7+ 103. Kc6 Qf6+ 104. Kd5 Qf7+ 105. Kd4 Qf6+
106. Ke3 Qc3+ 107. Kf2 Qc5+ 108. Kg2 1-0

[Event "Isle of Lewis"]
[Site "Isle of Lewis"]
[Date "1995.??.??"]
[Round "4"]
[White "Agdestein, Simen"]
[Black "Motwani, Paul"]
[Result "0-1"]
[WhiteElo "2600"]
[BlackElo "2510"]
[Annotator "Ftacnik,L"]
[PlyCount "82"]
[EventDate "1995.??.??"]
[EventType "tourn"]
[EventRounds "6"]
[EventCountry "SCO"]
[EventCategory "14"]
[SourceTitle "CBM 049"]
[Source "ChessBase"]
[SourceDate "1995.12.01"]
[SourceVersion "1"]
[SourceVersionDate "1995.12.01"]
[SourceQuality "1"]

1. d4 Nf6 2. c4 e6 3. Nc3 Bb4 4. Qc2 d5 5. cxd5 Qxd5 6. a3 (6. e3 c5 7. Bd2
Bxc3 8. Bxc3 cxd4 9. Bxd4 Nc6 10. Bxf6 gxf6 11. Ne2 Bd7 {Kasparov,G-Anand,V 
(02)/PCA-Wch (New York)/1/2-1/2/ ;CBM 49/1995/}) (6. Nf3 Qf5 7. Qd1 (7. Qb3 {
Hansen,LB} c5 8. e3 Nc6 9. a3 Ba5 10. Be2 cxd4 11. exd4 Qd5 12. Qd1 Qd6 13. O-O
O-O $15 {>< d4;Kjeldsen,J-Petursson,M/Valby K41/1995/}) 7... c5 8. e3 cxd4 9.
exd4 O-O 10. Bd3 Qh5 11. O-O Nbd7 12. Ne2 $5 {Gelfand,B-Zvjaginsev,V/Biel (02)
;CBM 49/1-0/1995/}) 6... Bxc3+ 7. bxc3 (7. Qxc3 Nc6 8. e3 e5 $10) 7... c5 8. e3
O-O 9. Bb2 Nbd7 10. f3 Nb6 11. c4 (11. e4 Qg5 $132 {><e3}) 11... Qc6 {/\Na4,
Qa4} 12. Rc1 Bd7 (12... Na4 13. Ba1) 13. Bd3 Rac8 14. Nh3 $6 (14. Ne2 {/\0-0
looks more normal.}) 14... Rc7 15. Kf2 $6 Rfc8 16. Qb1 (16. e4 $5) 16... Qd6
17. Rhd1 Ba4 $15 18. dxc5 Qxc5 19. Bxf6 $6 gxf6 20. Bxh7+ Kg7 21. Rd4 f5 22.
Ng5 Rd7 23. Qa1 e5 (23... Rxd4 24. exd4 Qe7 25. d5+ Qf6 $17) 24. Bxf5 (24. Rxd7
Bxd7 25. f4 f6 $19) 24... exd4 25. Bxd7 Bxd7 26. Ne4 Qe5 27. exd4 Qf4 28. d5+
f6 29. Qd4 Qe5 $1 (29... Qxc1 $2 30. Qxf6+ $10) 30. Qxe5 fxe5 31. Nd6 Rc7 32.
Rb1 Kf8 $1 33. h4 Ke7 34. Nxb7 Rxc4 35. d6+ Kf6 36. h5 Rc2+ 37. Kg3 Nd5 38. Nd8
Ne3 39. Rb7 Rxg2+ 40. Kh4 Rh2+ 41. Kg3 Nf1# 0-1

[Event "Biel"]
[Site "Biel"]
[Date "1995.??.??"]
[Round "2"]
[White "Gelfand, Boris"]
[Black "Zvjaginsev, Vadim"]
[Result "1-0"]
[WhiteElo "2685"]
[BlackElo "2600"]
[Annotator "Gelfand,B"]
[PlyCount "55"]
[EventDate "1995.07.??"]
[EventType "tourn"]
[EventRounds "13"]
[EventCountry "SUI"]
[EventCategory "15"]
[SourceTitle "CBM 049"]
[Source "ChessBase"]
[SourceDate "1995.12.01"]
[SourceVersion "1"]
[SourceVersionDate "1995.12.01"]
[SourceQuality "1"]

1. d4 {Baburin Hansen,LB} Nf6 2. c4 e6 3. Nc3 Bb4 4. Qc2 d5 5. cxd5 Qxd5 6. Nf3
(6. e3 {Hansen,LB} c5 7. Bd2 (7. a3 cxd4 8. axb4 dxc3 9. bxc3 O-O (9... b5 {
Kasparov,G -Nikolic,P/Moscow ol/1994/}) 10. Nf3 b6 11. c4 Qd6 12. Ba3 Qc7 13.
Be2 $14 {Hansen,LB-Petursson,M/Reykjavik zt/1995/}) 7... Bxc3 8. Bxc3 cxd4 9.
Bxd4 Nc6 10. Bxf6 gxf6 11. Ne2 Bd7 12. a3 Qe5 13. Nc3 f5 14. O-O-O O-O-O $10 {
Kasparov,G-Anand,V/New York W-ch PCA/1995/}) 6... Qf5 {Romanishin} 7. Qd1 (7.
Qb3 {Hansen,LB} c5 8. e3 Nc6 9. a3 Ba5 10. Be2 cxd4 11. exd4 Qd5 12. Qd1 Qd6
13. O-O O-O $15 {>< d4;Kjeldsen,J-Petursson,M/Valby K41/1995/}) 7... c5 $146 (
7... Ne4 {Hansen,LB} 8. Bd2 Nxd2 9. Qxd2 c5 10. a3 cxd4 11. axb4 dxc3 12. Qxc3
O-O 13. e3 Qf6 14. Qxf6 gxf6 15. Be2 Na6 16. b5 Nc7 17. Rc1 Nd5 18. Bc4 $14 {
Sherbakov,R-Lukacs,P/Budapest/1995/}) 8. e3 (8. a3 Bxc3+ 9. bxc3 b6 10. e3 Bb7
11. Bb5+ Bc6 12. Bd3 Be4 {Dao Thien-Horvath,I,95} (12... Be4 {Hansen,LB} 13.
Bb5+ Bc6 14. Qa4 Bxb5 15. Qxb5+ Nbd7 16. Ne5 a6 17. Qc6 Qe4 18. Qxe4 Nxe4 19.
Nxd7 Kxd7 $10 {Dao Thien Hai-Horvath,J/Budapest/1995/})) 8... cxd4 9. exd4 O-O
(9... Ne4 10. Bd2 (10. Bd3 Nxc3 11. bxc3 Bxc3+ 12. Kf1 Qa5 13. Rb1 Nc6 $1 14.
Qe2 Bxd4 $13) 10... Nxd2 11. Qxd2 Bd7 12. Bd3 Qf6 13. O-O O-O 14. Ne5 $14) 10.
Bd3 Qh5 {>< Qh5} (10... Qa5 11. O-O $5 Bxc3 12. bxc3 Qxc3 13. Bg5 $40) (10...
Qa5 $142 {Hansen,LB}) 11. O-O Nbd7 (11... b6 12. Be2 $1 Bb7 (12... Qa5 13. Ne5)
(12... Bxc3 13. Ne5) 13. Ne5 Qh4 14. Bf3) 12. Ne2 $5 {Baburin: The main
feature of this position is an unusual and in fact quite awkward placement of
the black Queen. Black suffers from it throughout the whole game.} (12. Bg5 h6
$5 13. Bxf6 Nxf6) (12. Qc2 Bxc3 (12... b6 13. Ne4 $5) 13. bxc3 b6) (12. Bf4
Bxc3 $5 13. bxc3 b6) 12... Bd6 (12... Qd5 13. Nf4 Qd6 14. Qe2) 13. Bf4 Bxf4 14.
Nxf4 Qh6 (14... Qa5 15. Re1 Rd8 (15... b6 16. a3) 16. Ne5 Nf8 $14) 15. g3 $1 (
15. Qd2 b6) (15. Qc1 b6 16. Qc7 Rb8) 15... b6 (15... Nh5 16. Ng2) (15... Nd5
16. Nxd5 exd5 17. Rc1 $14) (15... g5 16. Ng2 b6 17. Rc1) (15... Nd5 $5 {
Hansen,LB}) (15... Nb6 $5 {Hansen,LB}) 16. Rc1 (16. h4 Bb7 17. Ng5 e5 $132)
16... Bb7 17. Rc7 Bxf3 $2 (17... Rab8 18. h4 Rfc8 19. Rxb7 Rxb7 20. Ba6 Rbc7
21. Bxc8 Rxc8 $14) (17... Rab8 $5 {Hansen,LB}) 18. Qxf3 e5 19. Nd5 exd4 (19...
Nxd5 20. Rxd7 Nf6 21. Rc7 {-game} (21. Rd6 $5 exd4 22. Rxd4 Rad8 23. Rxd8 Rxd8
24. Rd1 $16)) 20. Nxf6+ (20. Re1 $5) 20... Nxf6 (20... Qxf6 $2 {Hansen,LB} 21.
Qe4 $18) 21. Re1 {+/- >< <-> 7} (21. Rxf7 $5 Kxf7 22. Bc4+ Kg6 (22... Ke7 23.
Re1+ Kd6 24. Re6+ $18) 23. Qd3+ Kh5 24. Qd1+ (24. Qe2+ Ng4 (24... Kg6 25. Qc2+)
25. h3 Qf6 (25... Qg5 26. f4 d3) 26. hxg4+ Kh6 27. g5+ Qxg5) 24... Ng4 $1 (
24... Kg6 25. Qc2+ Kh5 26. Be2+ Ng4 27. h3 Qf6 (27... Qg6 28. hxg4+ Kh6 29.
Qd2+ Qg5 30. f4 $18) 28. Qxh7+) 25. h3 Qf6 26. hxg4+ Kh6 27. g5+ Kxg5 $3 (27...
Qxg5 28. Kg2 g6 29. Rh1+ Kg7 30. Qxd4+ $18) 28. Qc1+ Kg6 29. Bd3+ Kf7 30. Qc4+
Qe6 31. Qc7+ Kf6 $13 32. Bc4 Qe5 33. Qc6+ Ke7 34. f4 Qe3+ 35. Kg2 Rac8) (21.
Bc4 $5) 21... Rae8 (21... Rac8 22. Rxa7 (22. Rxc8 Rxc8 23. Qb7 Rf8) 22... Qd2
23. Qe2 Qxe2 24. Rxe2 $16) 22. Rxe8 Rxe8 (22... Nxe8 23. Rxa7 Qc1+ 24. Kg2 Qxb2
25. Rxf7 $1 $18) 23. Rxa7 Qc1+ 24. Kg2 Qxb2 25. Bc4 Kh8 26. Ra8 $1 Qb4 27.
Rxe8+ Nxe8 28. Qa8 $1 (28. Qxf7 Nf6) (28. Qa8 Qf8 29. Bb5 d3 30. Qxe8 Qxe8 31.
Bxe8 d2 32. Ba4 $18) 1-0